| 000 | 00604nam a2200241Ia 4500 | ||
|---|---|---|---|
| 008 | 160803s9999 xx 000 0 und d | ||
| 020 | _a9780312649548 | ||
| 100 | _aStine, R.L | ||
| 245 | _aIt's the first day of school…forever! / | ||
| 245 | _cR.L. Stine. | ||
| 260 | _aNew York : | ||
| 260 | _bScholastic Inc. | ||
| 260 | _c2011 | ||
| 300 | _a183 pages ; | ||
| 300 | _c22 cm | ||
| 650 | _aFirst day of school -- | ||
| 650 | _aMonsters -- | ||
| 650 | _aSchools -- | ||
| 650 | _xJuvenile fiction. | ||
| 650 | _xJuvenile fiction. | ||
| 650 | _xJuvenile fiction. | ||
| 700 | _a400 | ||
| 999 |
_c299540 _d299540 |
||